Selling Hotel Kinara : valuing commercial property during an economic crisis /

The case is centred around valuing a commercial property asset in different market conditions using the discounted cash flow method. Students develop a cash flow pro forma on the basis of market information. The case exposes students to several nuances of pro forma development. Students are sensitis...

Full description

Bibliographic Details
Main Author: Das, Prashant (Author)
Format: eBook
Language:English
Published: London : Indian Institute of Management, Ahmedabad, 2024.
Series:SAGE Business cases.
Subjects:
Online Access:Connect to the full text of this electronic book

MARC

Tag First Indicator Second Indicator Subfields
LEADER 00000nam a2200000Mi 4500
001 in00005500613
006 m o d
007 cr un|||||||||
008 240109s2024 enka fo 000 0 eng d
005 20240923172105.8
035 |a (OCoLC)on1417356699 
040 |a SGPBL  |b eng  |e rda  |e pn  |c SGPBL  |d OCLCO 
020 |a 9781071945520  |q SAGE Business Cases 
020 |a 1071945521 
035 |a (OCoLC)1417356699 
050 4 |a HF5681.V3  |b D37 2024 
082 0 4 |a 658.15 
049 |a TXAM 
100 1 |a Das, Prashant,  |e author. 
245 1 0 |a Selling Hotel Kinara :  |b valuing commercial property during an economic crisis /  |c Prashant Das. 
264 1 |a London :  |b Indian Institute of Management, Ahmedabad,  |c 2024. 
300 |a 1 online resource :  |b illustrations. 
336 |a text  |b txt  |2 rdacontent 
337 |a computer  |b c  |2 rdamedia 
338 |a online resource  |b cr  |2 rdacarrier 
490 1 |a SAGE Business cases 
520 8 |a The case is centred around valuing a commercial property asset in different market conditions using the discounted cash flow method. Students develop a cash flow pro forma on the basis of market information. The case exposes students to several nuances of pro forma development. Students are sensitised to the idea that valuation is about not just cash flows but also the perceived risk in cash flows. The perceived risks may result from investors' overreaction to market conditions and irrational sentiments. The discount rate, capitalisation rate, etc. must be revised carefully as the market cycles change. 
588 |a Description based on XML content. 
650 0 |a Commercial real estate  |v Case studies. 
650 0 |a Valuation  |v Case studies. 
650 0 |a Assets (Accounting)  |v Case studies. 
650 0 |a Hotels  |x Finance  |v Case studies. 
650 6 |a Immobilier d'entreprise  |v Études de cas. 
650 6 |a Évaluation  |v Études de cas. 
650 6 |a Actif (Comptabilité)  |v Études de cas. 
655 7 |a Electronic books.  |2 local 
830 0 |a SAGE Business cases. 
856 4 0 |u http://proxy.library.tamu.edu/login?url=https://sk.sagepub.com/cases/selling-hotel-kinara-commercial-property-during-economic-crisis  |z Connect to the full text of this electronic book  |t 0 
955 |a SAGE eBooks 
955 |a SAGE Business Cases 2024 Annual Collection 
994 |a 92  |b TXA 
999 f f |s 6b5d91df-983a-43b6-9947-57b2d913eafe  |i 5e7dedf3-42f1-4f5e-91a6-1ed1d2ed3b40  |t 0 
952 f f |a Texas A&M University  |b College Station  |c Electronic Resources  |d Available Online  |t 0  |e HF5681.V3 D37 2024  |h Library of Congress classification 
998 f f |a HF5681.V3 D37 2024  |t 0  |l Available Online